| 000 | 00669nam a2200205 u 4500 | ||
|---|---|---|---|
| 005 | 20250405063828.0 | ||
| 008 | 100129s2008 r 000 0 eng d | ||
| 020 | _a9789875382121 | ||
| 035 | _aUPN01000174370 | ||
| 049 | _aCG | ||
| 050 | 4 |
_aRC570 _bS6.6 |
|
| 245 | 0 | 1 |
_a¿Son o se hacen? : _bel campo de la discapacidad intelectual estudiado a través de recorridos múltiples / _cAndrea S. Aznar... [et al.]. |
| 260 |
_aBuenos Aires : _bNoveduc, _c2008. |
||
| 300 | _a298 p. | ||
| 440 | 0 | _a[Dis]capacidad | |
| 650 | 2 |
_aDeficiencia mental _910638 |
|
| 650 | 0 |
_aPersonas con discapacidad mental _95134 |
|
| 700 | 1 |
_aAznar, Andrea Silvana, _ecoaut. |
|
| 905 | _aLibro | ||
| 999 |
_c146474 _d146474 |
||